000 00381nam a22001217a 4500
008 230629b xxu||||| |||| 00| 0 eng d
082 _a346.06
_bEAC
100 _cEast African Community
245 _aEast African Community
_bSixth Meeting of the Council of Ministers
_cReport of the commission
260 _aArusha, Tanzania
_bEAC
_c2003
300 _avarious panging
942 _2ddc
_cBK
999 _c3052
_d3052